000 00304nam a22001337a 4500
008 170904b xxu||||| |||| 00| 0 eng d
020 _a9781577668268
041 _aeng
080 _23RD
_a070
100 _a40
101 _aMED
245 _aPERSUASION IN THE MEDIA AGE
_cBORCHERS,T.A
942 _2udc
_cBK
999 _c25948
_d25948